Nazionali dell'OFC - Statistics

Statistiche generali
  • Questo quiz è stato fatto 8 volte
  • Il punteggio medio è 11 su 13
Statistiche sulle risposte
Nazionale % Corretto
Figi
100%
Isole Salomone
100%
Kiribati
100%
Nuova Zelanda
100%
Papua Nuova Guinea
100%
Tonga
100%
Tuvalu
100%
Samoa
80%
Vanuatu
80%
Isole Cook
60%
Nuova Caledonia
60%
Samoa Americane
40%
Tahiti
40%
Nessun quiz corrispondente trovato
Distribuzione punteggi
Percentuale di utenti per punteggio
Percentile per numero di risposta
I tuoi punteggi nel tempo
Non hai fatto questo quiz